| Поле | Инд. | ПП | Название | Значение |
|---|---|---|---|---|
| Тип записи | a | |||
| Библиографический уровень | m | |||
| 001 | Контрольный номер | 4b178c33-2774-47e7-b423-c2db4ea18bef | ||
| 005 | Дата корректировки | 20140703145451.3 | ||
| 008 | Кодируемые данные | 021122 | ||
| 020 | c | Цена, тираж | б/ц | |
| 040 | a | Служба первич. каталог. | НБ ТвГУ | |
| 041 | a | Код языка текста | rus | |
| 080 | a | Индекс УДК | 811.111'367.625(043.3) | |
| a | Индекс УДК | 811.111'367.7(043.3) | ||
| 084 | a | Индекс другой классификации/Индекс ББК | Ш143.21-212.5-01я031 | |
| a | Индекс другой классификации/Индекс ББК | Ш143.21-225я031 | ||
| 090 | x | Авторский знак | Ч-60 | |
| a | Полочн. индекс | Ш143.21 | ||
| 100 | 1_ | a | Автор | Чикурова М. Ф. |
| 245 | 10 | a | Заглавие | Синтагматическая актуализация английских глагольных оппозиций (личных форм актива) |
| b | Продолж. заглавия | автореф. дис. ...канд. филол. наук : 663 | ||
| c | Ответственность | Калинин. гос. пед. ин-т | ||
| 260 | 0_ | a | Место издания | Тула |
| b | Издательство | Газета "Коммунар" | ||
| c | Дата издания | 1969 | ||
| 300 | a | Объем | 30, [1] с. | |
| 500 | a | Примечание | НБ ТвГУ | |
| 583 | a | Действие | Получение впервые 316 01.09.2006 | |
| 650 | a | Основная рубрика | Английский язык | |
| x | Основная подрубрика | Грамматика | ||
| x | Основная подрубрика | Синтаксис | ||
| x | Основная подрубрика | Части речи | ||
| x | Основная подрубрика | Морфология | ||
| 650 | a | Основная рубрика | Глагол в английском языке | |
| x | Основная подрубрика | Личные формы актива | ||
| x | Основная подрубрика | Синтаксические функции | ||
| 653 | a | Ключевые слова | Английский язык | |
| a | Ключевые слова | Грамматика английского языка | ||
| a | Ключевые слова | Морфология | ||
| a | Ключевые слова | Части речи | ||
| a | Ключевые слова | Синтаксис английского языка | ||
| a | Ключевые слова | Глагол в английском языке | ||
| a | Ключевые слова | Личные формы актива | ||
| a | Ключевые слова | Синтаксические функции глагола | ||
| a | Ключевые слова | Парадигматика | ||
| a | Ключевые слова | Синтагматика | ||
| a | Ключевые слова | Глагольные оппозиции | ||
| a | Ключевые слова | Глагольные формы | ||
| a | Ключевые слова | Авторефераты | ||
| 852 | t | Порядковый номер экземпляра | 2 | |
| p | Инвентарный номер | б/н | ||
| 888 | a | Бесплатные | ||
| 930 | a | Новая/Ретро | авторефераты | |
| 952 | p | 316.2006 б/ц 2 б/н | ||
| c | Вид литературы | А/Р н | ||
| 954 | a | Дата поступления на обработку | 20060904 | |
| 999 | a | Подразделение 2 | ч.з. |